Popular participacition and democratization in Nigeria (Record no. 33693)

MARC details
000 -LEADER
fixed length control field 00493nam a2200169Ia 4500
020 ## - INTERNATIONAL STANDARD BOOK NUMBER
ISBN 9789789789009
050 ## - CALL MARK
Classification number JQ 3089.5 .P67/
245 #0 - TITLE STATEMENT
Title Popular participacition and democratization in Nigeria
260 ## - PUBLICATION, DISTRIBUTION, ETC. (IMPRINT)
Place of publication Kaduna
260 ## - PUBLICATION, DISTRIBUTION, ETC. (IMPRINT)
Name of publisher Ahmadu Bello University
260 ## - PUBLICATION, DISTRIBUTION, ETC. (IMPRINT)
Year of publication 2012
300 ## - PHYSICAL DESCRIPTION
Number of Pages 195 p
650 ## - SUBJECT ADDED ENTRY--TOPICAL TERM
Topical Term Political corruption--Nigeria--Congresses. Democratization--Nigeria--Congresses.
942 ## - ADDED ENTRY ELEMENTS (KOHA)
Koha item type Books
Holdings
Withdrawn status Lost status Source of classification or shelving scheme Damaged status Not for loan Permanent Location Current Location Shelving location Date acquired Accession Number Price effective from Koha item type
    Library of Congress Classification     NILE UNIVERSITY OF NIGERIA - MAIN LIBRARY NILE UNIVERSITY OF NIGERIA - MAIN LIBRARY Items on shelf 04/23/2025 0007181 04/23/2025 Books